000 00351nam a22001217a 4500
999 _c13615
_d13615
082 _a954
_bع رف
100 _aایس- ایم- عرفان
245 _aپاکستان دوراہے پر
260 _aکراچی
_bفرید پبلشرز
_c ٢٠١٢
300 _a٢٨٥ صفحات
650 _aPakistan, Politics, Pakistan Dorahe par
942 _cBK